|
|
|
|
| LEADER |
00911nam a2200289 4500 |
| 001 |
DLU110130657 |
| 005 |
##20111223 |
| 040 |
# |
# |
|a DLU
|b eng
|
| 041 |
# |
# |
|a eng
|
| 044 |
# |
# |
|a gw
|
| 100 |
# |
# |
|a Ki, Wooseok.
|
| 245 |
# |
# |
|a Earth-abundant element photovoltaics directly from soluble precursors with high yield using a non-toxic solvent /
|c Wooseok Ki, Hugh W. Hillhouse.
|
| 653 |
# |
# |
|a Cu2ZnSnS4
|
| 653 |
# |
# |
|a Soluble precursors
|
| 653 |
# |
# |
|a Solution-phase depositions
|
| 653 |
# |
# |
|a Thin film solar cells
|
| 700 |
# |
# |
|a Hillhouse, Hugh W.
|
| 773 |
# |
# |
|t Advanced Energy Materials
|g Vol. 1, no. 5 (October 2011), p. 732-735
|
| 920 |
# |
# |
|a Phòng Tạp chí -- Trung tâm Thông tin - Thư viện Trường Đại học Đà Lạt
|
| 994 |
# |
# |
|a DLU
|
| 900 |
# |
# |
|a True
|
| 911 |
# |
# |
|a Trương Bảo Trâm Anh
|
| 925 |
# |
# |
|a G
|
| 926 |
# |
# |
|a A
|
| 927 |
# |
# |
|a BB
|
| 980 |
# |
# |
|a Thư viện Trường Đại học Đà Lạt
|